000 00605nam a2200205 a 4500
005 20250620063853.0
008 031030s1991 mx r 000 0 spa d
020 _a8470303333
035 _aUPN01000130490
049 _aCG
050 4 _aRJ505 P8.9
_bU8.7
100 1 _aUtrilla Robles, Manuela
245 1 3 _aEl psicodrama psicoanalítico de un niño asmático /
_cManuela Utrilla Robles.
260 _aMadrid :
_bBiblioteca Nueva,
_c1991.
300 _a248 p.
440 0 _aTextos y temas psicológicos ;
_v59
650 2 _aPsicodrama
_915884
650 4 _aNiño, Estudio del
_9221
905 _aLibro
999 _c102647
_d102647